000 00217nam a2200097Ia 4500
008 220204s9999 xx 000 0 und d
082 _a82-3
_bMAC
100 _aMacDonald, John D
245 0 _aQuick red fox
942 _cBK
999 _c33787
_d33787